000 00527nam a2200181Ia 4500
005 20250508150209.0
008 008 250505s9999 xx 000 0 eng d
037 _aTextual
040 _aFEDL
_beng
_cFEDL
041 _aeng
_2eng
084 _a404, JES
_qFEDL
100 _aJespersen Otto
245 0 _aMankind, nation and individual : From a linguistic point of view
260 _aLondon, UK
_bGeogre Allen and Unwin Ltd
_c1946
300 _a221p.
942 _cTEXL
_h404, JES
999 _c1322330
_d1322330